000
00394nam a22001697a 4500
003
MPLRDC
005
20220104142645.0
008
210129b ||||| |||| 00| 0 eng d
082
_a
857.44 BYCB-2
100
_a
不详
245
_a
警世通言
_c
260
_a
_b
博元出版社
_c
1989
300
_b
精
490
_a
古典文学
650
_a
章回小说
942
_c
BK
_o
857.44 BYCB-2
999
_c
32650
_d
32640